| 000 | 01307nam a22002297a 4500 | ||
|---|---|---|---|
| 999 |
_c74560 _d74560 |
||
| 005 | 20190325155609.0 | ||
| 010 | _a1819HN15 HIN-98793 B-690288-289 | ||
| 020 |
_c300.00 _a9788188926169 |
||
| 035 | _aHN-71139 | ||
| 035 | _aB-690288-289 | ||
| 037 | _bनवसाक्षर प्रकाशन | ||
| 037 | _bDBAD / PUB | ||
| 082 | _a920 | ||
| 100 | _aकलूडा़ अभिनव | ||
| 245 |
_aक्रांतिवीर मंगल पांडे / _bकलूडा़ अभिनव |
||
| 260 |
_bनवसाक्षर प्रकाशन _c2017 _aदिल्ली |
||
| 270 |
_bदिल्ली _a1/11437, सुभाष पार्क एक्सटेंशन. गली न.2,नवीन शाहदरा _e110032 _k |
||
| 300 | 1 |
_a144पृ. _c22सेमी (सजिल्द) |
|
| 500 | _aAIRPORT बलिदानी पुस्तक | ||
| 942 |
_adpl _cHN _2ddc _mकलूडा़ _h920 |
||